000 00669nam a2200289Ia 4500
005 20260324134041.0
008 008 260324s9999 xx 000 0 eng d
020 _a9781315014647
037 _aEBOOK
040 _aCRL
040 _beng
040 _cCRL
041 _2eng
041 _aeng
084 _qCRL
100 _aJ. Cubbin
_91195382
245 0 _aMarket Structure and Performance
245 4 _bThe Empirical Research
260 _bTaylor and Francis
260 _c2002
365 _a
365 _b300
856 _uhttp://www.taylorfrancis.com/books/9781315014647
942 _cEBOOK
999 _c1795043
_d1795043